| 000 | 01186nab a2200229 i 4500 | ||
|---|---|---|---|
| 001 | 768714001 | ||
| 003 | CO-MdFUSB | ||
| 005 | 20260305153314.0 | ||
| 008 | 240617t1984 us ||||| |||| 00| 0 eng d | ||
| 040 |
_bspa _cCO-MdFUSB _dCO-MdFUSB |
||
| 041 | _aeng | ||
| 100 |
_aWatson, David Lowes, _eautor |
||
| 245 |
_aSalt to the world an Ecclesiology of liberation _c/ David Lowes Watson |
||
| 520 | _aSal para el mundo una eclesiología de liberación. La creatividad teológica resultante de la eclesiología de la liberación está presente desde hace tiempo, no sólo en el ámbito evangelizador y liberador. De hecho, la similitud entre las perspectivas del cristianismo y la cultura en estas dos teologías es quizás el testimonio cristiano más importante y vanguardista en la actualidad. | ||
| 546 | _aTexto en inglés | ||
| 650 | 7 |
_aIglesia _9655 |
|
| 650 | 7 |
_aTeología de la liberación _9449 |
|
| 650 | 7 |
_aTeología dogmática _96937 |
|
| 773 | 0 |
_070215 _982768 _dPensilvania, Estados Unidos _oR2643 _tMissiology _w(CO-MdFUSB)768714001 _gVolumen 12, (número 4, 1984 ) páginas: 453 - 476 _qpágina: 453 |
|
| 942 | _cANA | ||
| 945 | _aCatherine Arias Álvarez - Practicante SENA | ||
| 999 |
_c70218 _d70218 |
||